| 000 | 01510cam a22004337a 4500 | ||
|---|---|---|---|
| 003 | CHAP | ||
| 005 | 20240507101825.0 | ||
| 008 | 040903d2004 mx r 00110 spa d | ||
| 010 | _a88784 | ||
| 011 | _a89756 | ||
| 035 | _a100307 | ||
| 040 | _cCHAP | ||
| 090 | _aTesis | ||
| 100 | 0 | 0 |
_aGarcía Villegas, Velia Elideth. _946731 |
| 245 | 1 | 0 |
_aLas mujeres de Zacatepec : una realidad encubierta por la migración _c/por Velia Elideth García Villegas |
| 260 |
_aChapingo, Méx. : _bEl autor, _c2004. |
||
| 300 |
_a92 h. : _bilus. |
||
| 502 | _aTesis ( Ing. Agr. Esp. en Sociología Rural) -- UACH. Departamento de Sociología Rural. | ||
| 590 |
_aALEPH _b10 _c20130110 |
||
| 590 |
_aBATCH-UPD _b10 _c20130110 |
||
| 590 |
_aBATCH-UPD _b10 _c20130110 |
||
| 590 |
_aBATCH-UPD _b10 _c20130410 |
||
| 590 |
_aBATCH-UPD _b10 _c20130410 |
||
| 590 |
_aBATCH-UPD _b10 _c20130914 |
||
| 590 |
_aCONVERSION _b10 _c20130109 |
||
| 650 | 1 | 4 | _aDesarrollo económico. |
| 650 | 1 | 4 |
_aEmigración e inmigración. _936517 |
| 650 | 1 | 4 |
_aEnfoque de género. _936945 |
| 650 | 1 | 4 |
_aMujer en comunidades rurales _xPuebla. _979382 |
| 650 | 1 | 4 |
_aMujer _xSituación social _zPuebla. _979349 |
| 650 | 1 | 4 |
_aPoder. _989471 |
| 650 | 1 | 4 |
_aTrabajo de la mujer. _9114490 |
| 856 |
_uhttp://10.13.5.2/tesis/100307.pdf _yDESCARGAR PDF |
||
| 901 | _aBK | ||
| 905 | _aElisama A. H. | ||
| 942 |
_cFOLL _2ddc |
||
| 949 |
_aTesis _bBC _cTES _d100307 _eTS1 _h42616 _i100307 _sb |
||
| 949 |
_aTesis _bBC _cTES _d33724000930558 _eTS2 _fc.2 _h42617 _i100307 _sb |
||
| 999 |
_c88784 _d88784 |
||